| 000 | 01776cam a22004097a 4500 | ||
|---|---|---|---|
| 999 |
_c17665 _d17665 |
||
| 008 | 060818s2007 nyua 001 0 eng d | ||
| 020 | _a0847828379 | ||
| 020 | _a9780847828371 | ||
| 050 | 0 | 0 |
_aNK2408 _b.W43 2007 |
| 100 | 1 | _aWebb, Michael | |
| 245 | 1 | 0 |
_aModernist paradise : _bNiemeyer house, Boyd collection / _ctext by Michael Webb ; principal photography by Tim Street-Porter. |
| 260 |
_aNew York : _bRizzoli, _c2007. |
||
| 300 |
_a222 p. : _bcol. ill. ; _c25 cm. |
||
| 500 | _aIncludes index. | ||
| 650 | 0 |
_aFurniture _xHistory _y20th century. |
|
| 650 | 0 |
_aFurniture _xPrivate collections _zCalifornia _zSanta Monica. |
|
| 650 | 0 | _aModernism (Aesthetics) | |
| 700 | 1 | _aStreet-Porter, Tim. | |
| 942 |
_2lcc _cBOOKS _hNK2408 .W43 2007 |
||